Histología / (Record no. 28013)

MARC details
000 -LEADER
campo de control de longitud fija 00763nam a2200205 i 4500
001 - NÚMERO DE CONTROL
campo de control 28013
003 - IDENTIFICADOR DE NÚMERO DE CONTROL
campo de control ES-MaACL
005 - FECHA Y HORA DE LA ÚLTIMA TRANSACCIÓN
campo de control 20230906153739.0
007 - CAMPO FIJO DE DESCRIPCIÓN FÍSICA--INFORMACIÓN GENERAL
campo de control de longitud fija t|
008 - DATOS DE LONGITUD FIJA--INFORMACIÓN GENERAL
campo de control de longitud fija 030116s1946 ag ||||1| spa d
100 1# - ENTRADA PRINCIPAL--NOMBRE DE PERSONA
Nombre de persona Bailey, Frederick R.
9 (RLIN) 24692
245 10 - MENCIÓN DEL TÍTULO
Título Histología /
Mención de responsabilidad, etc. Frederick R. Bailey ; undécima edición revisada por Philip E. Smith... ; traducción y notas por José Pandra... ; prólogo de Manuel E. Varela.
250 ## - MENCION DE EDICION
Mención de edición 1ª ed. castellana.
260 ## - PUBLICACIÓN, DISTRIBUCIÓN, ETC.
Lugar de publicación, distribución, etc. Buenos Aires :
Nombre del editor, distribuidor, etc. López Etchegoyen,
Fecha de publicación, distribución, etc. 1946 (
Fabricante La prensa médica argentina)
300 ## - DESCRIPCIÓN FÍSICA
Extensión 907 p., 16 lám. :
Otras características físicas il. ;
Dimensiones 23 cm.
700 1# - ENTRADA AGREGADA--NOMBRE PERSONAL
Nombre de persona Smith, Philip E.
9 (RLIN) 106913
700 1# - ENTRADA AGREGADA--NOMBRE PERSONAL
Nombre de persona Pandra, José.
9 (RLIN) 88760
700 1# - ENTRADA AGREGADA--NOMBRE PERSONAL
Nombre de persona Varela, Manuel Enrique.
9 (RLIN) 113143
852 ## - LOCALIZACIÓN
Ubicación ES-MaACL
Número de control de estantería C-4080
Sublocalización o colección R.23681
Holdings
Estatus retirado Estado de pérdida Estado de daño No para préstamo Biblioteca de origen Biblioteca actual Ubicación en estantería Fecha de adquisición Fuente de adquisición Total de préstamos Signatura topográfica completa Código de barras Visto por última vez Precio de reemplazo Tipo de ítem Koha
        Biblioteca del Ateneo de Madrid Biblioteca del Ateneo de Madrid Sala Palomar 17/01/2008     C-4080 1028922 23/02/2023 23/02/2023 Libro impreso